Responses for Show #5808 - Wednesday, December 9, 2009

Dave Belote game 6.

Contestants

[<< previous game]

Sarah Weinschenk, a middle school Latin teacher from San Luis Obispo, California

Jove Graham, a biomedical engineer from Lewisburg, Pennsylvania

Dave Belote, the base commander from Nellis Air Force Base, Las Vegas (whose 5-day cash winnings total $134,801)

[next game >>]

Jeopardy! Round responses

THE SPANISH CIVIL WAR
ANIMAL SONGS
CELEBRATED ON HIS BIRTHDAY
GOOD AS GOLD
MISSOURI
THE "SHOW" ME STATE
    $200 1
Franco

Dave
    $200 6
"Hound Dog"

Sarah
    $200 19
Dr. Seuss

Jove
    $200 11
wampum

Sarah
    $200 24
(Dave: What is MI?)
...
(Alex: [*], [*], the Three Stooges, nyuk, nyuk, nyuk! I love doing that.)

MO

DaveSarah
    $200 14
a showgirl

Sarah
    $400 2
Germany & Italy

Dave
    $400 7
(Jove: What is a walrus--[*]?)

"I Am The Walrus"

Jove
    $400 20
Neil Armstrong

Dave
    $400 12
silver

Triple Stumper
    $400 25
Harry Truman

Jove
    $400 15
a showboat

Jove
    $600 3
Republicans

Triple Stumper
    $600 8
"Crocodile Rock"

Jove
    $1,600 21
(Peter) Roget

Dave
    $600 13
bronze

Triple Stumper
    $600 26
(Jove: What is ice cream?)

the ice cream cone

JoveSarah
    $600 16
a sideshow

Jove
    $800 4
Madrid

Dave
    $800 9
"Cat's In The Cradle"

Dave
    $800 22
Isaac Newton

Jove
    $800 29
Latin

Sarah
    $800 27
the Ozarks

Dave
    $800 17
a floor show

Jove
    $1000 5
Guernica

Jove
    $1000 10
"The Lion Sleeps Tonight"

Jove
    $1000 23
(Sarah: Who is Palmer?)

John Hancock

Sarah
Triple Stumper
    $1000 30
Micronesia

Dave
    $1000 28
(Dave: What is St. Louis?)

St. Joseph

Dave
Triple Stumper
    $1000 18
(Dave: What's the Antique Show?)
(Sarah: What is the Antique Roadshow?)

Antiques Roadshow

DaveJoveSarah

Scores at the first commercial break (after clue 15):

Dave Jove Sarah
$2,200 $3,400 $600

Scores at the end of the Jeopardy! Round:

Dave Jove Sarah
$3,800 $6,600 $200

Double Jeopardy! Round responses

HULL OF FAME
THE FUNNYMAN WHO PLAYED...
MUSEUMS
ALPHABETIC HOMOPHONES
ROMAN NUMERAL MATH
(Alex: And you have to give your responses in Roman numerals. Frightening, I know.)
GALAPAGOS WILDLIFE
(Alex: Getting up close with some of the most extraordinary and friendly creatures on Earth.)
    $400 11
the War of 1812

Jove
    $400 17
George Burns

Dave
    $400 2
the Brooklyn Museum

Sarah
    $400 1
tea

Jove
    $400 15
(Sarah: What is IX?)
...
(Alex: 3 times 3 times 3. Cubed, not squared.)

XXVII

DaveSarah
    $400 26
Santa Cruz

Sarah
    $800 12
an aircraft carrier

Dave
    $800 18
[Alex reads the title of the film with an accent.]

Eddie Murphy

Jove
    $800 7
New Mexico

Dave
    $800 3
a cue

Jove
    $800 22
VIII

Jove
    $800 27
sea lions

Dave
    $1200 13
Warrior

Dave
    $1200 19
Steve Martin

Jove
    $1200 8
(Jove: Who is... Picasso?)
(Dave: Who is Guggenheim?)
...
(Alex: [Before the Daily Double at clue 29] Philip Johnson was referring to fellow architect [*], but the museum is called the Guggenheim Museum, and so Dave, we have to credit you with a correct response.)

Frank Gehry

DaveJove
    $1200 4
aye

Dave
    $1200 23
(Alex: Correct--36.)

XXXVI

Jove
    $1200 28
booby

Jove
    $1600 14
Lusitania

Jove
    $1600 20
Robin Williams

Jove
    $1600 9
Mongolia

Dave
    $5,000 5
yew

Dave
    $1600 24
(Jove: What is LXXVII?)
...
(Alex: Yes, you put one X too many in there; took it to 70 instead of 60.)

LXVII

JoveSarah
    $4,000 29
the equator

Jove
    $2000 16
Jacques Cousteau's Calypso

Triple Stumper
    $2000 21
(Alex: That was the man who got no respect--[*].)

Rodney Dangerfield

Triple Stumper
    $2000 10
(Dave: What is Illinois?)

Ohio

Dave
Triple Stumper
    $2000 6
Zee

Sarah
    $2000 25
(Alex: [*]--40 times 5, giving you 200, right you are.)

CC

Dave
    $2000 30
the cormorant

Triple Stumper

Scores at the end of the Double Jeopardy! Round:

Dave Jove Sarah
$17,200 $17,800 $4,200

[wagering suggestions for these scores]

Final Jeopardy! Round responses

HISTORIC AMERICANS
(Alex: [To Dave] And that is correct; remember, he had sold his book collection to the Library of Congress.)
...
(Alex: And Dave, we'll see you in our Tournament of Champions.)
SarahWho was Ben Franklin?
$4,000
DaveWho was Thomas Jefferson?
$8,799
JoveWho is Jefferson?
$16,601
Thomas Jefferson

Final scores:

Dave Jove Sarah
$25,999 $34,401 $200
2nd place: $2,000 New champion: $34,401 3rd place: $1,000

Game dynamics:

Coryat scores:

Dave Jove Sarah
$12,800 $15,400 $4,200
19 R
(including 2 DDs),
4 W
22 R
(including 1 DD),
3 W
10 R,
3 W

Combined Coryat: $32,400

[game clues] [game scores] [suggest correction]

Game tape date: 2009-11-03
The J! Archive is created by fans, for fans. Scraping, republication, monetization, and malicious use prohibited; this site may use cookies and collect identifying information. See terms. The Jeopardy! game show and all elements thereof, including but not limited to copyright and trademark thereto, are the property of Jeopardy Productions, Inc. and are protected under law. This website is not affiliated with, sponsored by, or operated by Jeopardy Productions, Inc. Join the discussion at JBoard.tv.